South East Asian countries flag quiz - Statistics

General Stats
  • This quiz has been taken 54 times
  • The average score is 10 of 11
Answer Stats
Picture Answer % Correct
Vietnam
98%
Indonesia
95%
Malaysia
95%
Singapore
95%
Thailand
95%
Cambodia
91%
Laos
91%
Philippines
91%
Myanmar
89%
Brunei
84%
East Timor
73%
No matching quizzes found
Score Distribution
Percent of People with Each Score
Percentile by Number Answered
Your Score History
You have not taken this quiz